000 00684nam a2200205Ia 4500
003 GCL
008 140319s9999 xx 000 0 ara d
040 _aGCL /
_cGCL
082 0 4 _a811.008
_bج و
100 1 _aابن الجراح : ابوعبدالله محمد بن داود
245 1 0 _aالورقة /
_cابن الجراح : ابوعبدالله محمد بن داود
700 1 _aعبدالستار احمد فراج
700 1 _aعبدالوهاب عزام
260 _a[S.N] :
_bدار المعارف ،
_c1986
300 _a170
490 _aذخائر العرب
_v0
650 0 4 _aالشعر العربى
650 0 4 _aالادب العربى
942 _2ddc
_cBK
999 _c29572
_d29572